000 00274nam a2200121Ia 4500
008 191201s2019 xx 000 0 und d
100 _aPATHAK, Bharati V
245 0 _aIndian Financial System
260 _bPearson
_c2019
300 _a876
650 _aBBA
942 _2ddc
_cBK
999 _c6937
_d6937